000 01258nam2a22002651 4500
001 RU\NLR\INFOCOMM10\1000144060
005 20250617153858.0
035 _a(NLR Aleph) 002751415
090 _a2145578
_c2145578
100 _a20040203d1981 |||y0rusy50 ca
101 0 _arus
102 _aRU
105 _ay |||||||||
200 1 _aАнализ состояния и развитие исследований в области ресурсологии природного газа
_fИстомин, А.Н., Глова, Г.И.
210 _d1981
_aБ. м.
461 0 _1001RU\NLR\INFOCOMM10\1000144013
_12001#$aГазовая промышленность$iСерия "Геология и разведка газовых и газоконденсатных месторождений"$v1981, Вып.3
_92145156
_cМ.
_d1976-
_iСерия "Геология и разведка газовых и газоконденсатных месторождений"
_tГазовая промышленность
_v1981, Вып.3
700 1 _aИстомин
_bА.Н.
_4070
701 1 _aГлова
_bГ.И.
_4070
801 1 _aRU
_bInfoComm
_c20040203
801 0 _aRU
_bNLR
_gPSBO
852 _aNLR
_jП7/1751
942 _cISSUE
980 _aNB
980 _aRUSPER